| 000 | 00390nam a22001697a 4500 | ||
|---|---|---|---|
| 005 | 20180719163641.0 | ||
| 008 | 160623b xxu||||| |||| 00| 0 eng d | ||
| 020 | _a81-261-1813-X | ||
| 041 | _aeng | ||
| 082 |
_b9311 _a658.15244 |
||
| 100 |
_aBhalla, V.K. _94575 |
||
| 245 | _aWorking Capital Management | ||
| 260 | _bAnmol | ||
| 300 | _a844p, | ||
| 650 |
_aManagement _9241 |
||
| 942 | _cBK | ||
| 999 |
_c3651 _d3650 |
||